Normal view MARC view

Entry Nombre personal

Number of records used in: 2

001 - NÚMERO DE CONTROL

  • campo de control: 240058

003 - IDENTIFICADOR DE NÚMERO DE CONTROL

  • campo de control: SpMaBN

005 - FECHA Y HORA DE LA ÚLTIMA TRANSACCIÓN

  • campo de control: 20250415205706.0

008 - ELEMENTOS DE DATO DE LONGITUD-FIJA

  • campo de control de longitud fija: 900725n| aijnnaabn n aaa

016 ## - NÚMERO DE CONTROL DE UNA AGENCIA BIBLIOGRÁFICA NACIONAL

  • Número de control del registro: BNE19980985125

024 7# - IDENTIFICADOR DE OTROS ESTÁNDARES

  • Número estándar o código: http://viaf.org/viaf/86884810/
  • Fuente: viaf

024 7# - IDENTIFICADOR DE OTROS ESTÁNDARES

  • Número estándar o código: https://isni.org/isni/0000000060273722
  • Fuente: isni

040 ## - FUENTE DE CATALOGACIÓN

  • Centro catalogador/agencia de origen: SpMaBN
  • Lengua de catalogación: spa
  • Centro/agencia transcriptor: SpMaBN
  • Normas de descripción: rdc
  • Convención/Normas de encabezamiento de materia/tesauro: embne

100 1# - ENCABEZAMIENTO-NOMBRE DE PERSONA

  • Nombre de persona: Juana Sardón, Amalio de,
  • Fechas asociadas al nombre: 1921-2024

670 ## - FUENTE DE DATOS ENCONTRADOS

  • Cita de la fuente: Producción animal y alimentación humana, 2001
  • Información encontrada: port. (Amalio de Juana Sardón)

856 4# - LOCALIZACIÓN Y ACCESO ELECTRÓNICOS

  • Identificador Uniforme de Recursos: https://dialnet.unirioja.es/servlet/autor?codigo=1953503